• 首页
  • 本馆介绍
  • 公告通知
  • 最新文献
  • 馆藏检索
  • 电子资源
  • 读者导购
  • 参考咨询
  • 我的图书馆
  • 登录
  • 详细信息显示
  • 放入我的书架
  • 预约/预借图书
  • 作者相关作品
  • 分类相关作品
  • 丛书相关作品
  • 出版社相关作品

书目信息

  • 表格格式
  • 工作单格式
  • 卡片格式
题名:
渤海环境动力学导论
    
 
作者: 冯士筰 , 张经 , 魏皓 著
分册:  
出版信息: 北京   科学出版社  2007
页数: 281页
开本: 26cm
丛书名:
单 册:
中图分类: P722.4
科图分类:
主题词: 渤海--海洋生态学--海洋动力学--研究
电子资源:
ISBN: 978-7-03-018101-5
000 00929nam0 2200289 450
001 012004142923
005 20070805110000.85
009 012004142923
010    @a978-7-03-018101-5@dCNY59.00
035    @a(110120)012007017972
100    @a20070614d2007 em y0chiy0110 ea
101 0  @achi
102    @aCN@b110000
105    @ay z 000yy
106    @ar
200 1  @a渤海环境动力学导论@Abo hai huan jing dong li xue dao lun@f冯士筰,张经,魏皓等著@Ffeng shi zuo, zhang jing, wei hao deng zhu
210    @a北京@c科学出版社@d2007
215    @a281页@d26cm
330    @a本书全面系统的论述了渤海生态环境各环境要素的变化规律及其与气候变化的关系。
606 0  @a渤海@x海洋生态学@x海洋动力学@x研究
690    @aP722.4@v4
701  0 @a冯士筰@Afeng shi zuo@4著
701  0 @a张经@Azhang jing@4著
701  0 @a魏皓@Awei hao@4著
801  0 @aCN@b110120@c20070805
801  2 @aCN@b110120@c20070619
905    @dP722.4@e49@f1
    
    渤海环境动力学导论/冯士筰,张经,魏皓等著.-北京:科学出版社,2007
    281页;26cm
    
    
    ISBN 978-7-03-018101-5:CNY59.00
    本书全面系统的论述了渤海生态环境各环境要素的变化规律及其与气候变化的关系。
●
相关链接 在E读中查询图书 在五车中查询图书 在当当中查询图书 在豆瓣中查询图书


正题名:渤海环境动力学导论     索取号:P722.4/49         预约/预借

序号 登录号 条形码 馆藏地/架位号 状态 备注
1 0852031   208520313   第二样本阅览室/ [索取号:P722.4/49] 在馆    
唐山师范学院图书馆 欢迎您!
大连网信软件有限公司© 版权所有